| 000 | 01652nam0a2200409 4500 | ||
|---|---|---|---|
| 001 | RU\NLR\bibl\1740870 | ||
| 005 | 20250616112741.0 | ||
| 010 |
_a978-5-7882-0949-4 _9100 |
||
| 021 |
_aRU _b2011-7579 |
||
| 035 | _a(nilc)RSL-KNO-004889325 | ||
| 035 | _a(NLR Aleph) 001731786 | ||
| 090 |
_a1404177 _c1404177 |
||
| 100 | _a20110214d2010 |||y0rusy50 ca | ||
| 101 | 0 | _arus | |
| 102 | _aRU | ||
| 105 | _ay ||||||||| | ||
| 200 | 1 |
_aСтоическое наследие в России _e(II половина XIX - начало XX вв.) _eмонография _fМ.В. Салимгареев _gФедер. агентство по образованию, Гос. образоват. учреждение высш. проф. образования "Казан. гос. технол. ун-т" |
|
| 210 |
_aКазань _cКГТУ _d2010 |
||
| 215 |
_a189 с. _d21 |
||
| 320 | _aБиблиогр. в примеч. в конце глав | ||
| 606 | 1 |
_aСтоицизм _xИстория _92334449 _3RU\NLR\auth\661395779 |
|
| 606 | 1 |
_aФилософия русская _xИстория _z19 - 20 вв. _92102380 _3RU\NLR\auth\661271356 |
|
| 686 |
_aЮ3(2)6,0 _2rubbk |
||
| 686 |
_aЮ3,23,0 _2rubbk |
||
| 686 |
_aЮ3(0)322-231,0 _2rubbk |
||
| 686 |
_aЮ3(0)323-231,0 _2rubbk |
||
| 686 | _aЮ3(0)322-231 | ||
| 686 | _aЮ3(0)323-231 | ||
| 686 | _aЮ3(2)6 | ||
| 700 | 1 |
_aСалимгареев _bМ. В. _gМаксим Владимирович _4070 |
|
| 801 | 0 |
_aRU _bRuMoRKP _c20110214 _grcr |
|
| 801 | 1 |
_aRU _bRuMoRGB _c20110214 |
|
| 801 | 2 |
_aRU _bNLR _c20110228 _grcr |
|
| 830 | _aАвт. по ЭК. | ||
| 942 | _cBOOK | ||
| 980 | _aNB | ||